Un drama en Livonia /
Escribió Verne "Un drama en Livonia", utilizando como telón de fondo el malestar político y social debido al surgimiento del nacionalismo eslavo, que provocó enfrentamientos entre germanófilos y eslavófilos. Nicolef, candidato de los eslavos, se ve envuelto en un crimen que no ha cometido:...
Guardado en:
| Autor Principal: | |
|---|---|
| Otros Autores: | , , |
| Formato: | Libro |
| Idioma: | Undetermined |
| Publicado: |
Madrid :
Hyspamérica : Anaya,
1983.
|
| Edición: | 1a ed. |
| Series: | Mis libros. Aventuras
|
| Materias: | |
| Etiquetas: |
Agregar Etiqueta
Sin Etiquetas, Sea el primero en etiquetar este registro!
|
| LEADER | 01418nam a22002295a 4500 | ||
|---|---|---|---|
| 001 | CEM.cems024899 | ||
| 008 | 250909s1983####sp############000#0#und#d | ||
| 005 | 20250910172338.0 | ||
| 245 | 1 | 0 | |a Un drama en Livonia / |c Julio Verne ; traducción Miguel Salabert ; apéndice Constantino Bértolo Cadenas ; ilustración L. Benett. |
| 250 | |a 1a ed. | ||
| 260 | |a Madrid : |b Hyspamérica : |b Anaya, |c 1983. | ||
| 300 | |a 224 p. | ||
| 490 | 1 | |a Mis libros. Aventuras | |
| 520 | |a Escribió Verne "Un drama en Livonia", utilizando como telón de fondo el malestar político y social debido al surgimiento del nacionalismo eslavo, que provocó enfrentamientos entre germanófilos y eslavófilos. Nicolef, candidato de los eslavos, se ve envuelto en un crimen que no ha cometido: todas las pruebas lo acusan, las pasiones e intrigas políticas se desatan, y Nicolef acaba siendo víctima de un error judicial. Si como investigación policiaca la novela deja bastante que desear, se advierten en cambio algunas constantes vernianas, como la abnegación y la amistad, que, cuando son auténticas, lo son incluso a prueba de asesinatos. | ||
| 020 | |a 8475251129 | ||
| 100 | 1 | |a Verne, Julio. | |
| 700 | 1 | |a Salabert, Miguel ; trad. | |
| 700 | 1 | |a Bértolo Cadenas, Constantino ; ap. | |
| 700 | 1 | |a Benett, L.; il. | |
| 653 | |a Literatura francesa | ||
| 653 | |a Novela francesa | ||
| 859 | |a CEMS |b BIB. CEMS - 11 de abril |h 843.8 |i V594-19 |p 30003.25 |t Ej.1 | ||
